000 01157nam a2200325 i 4500
001 bg
003 BPK
005 20221205144843.0
008 s2000 pl f f |000 0 pol
020 _a8385441158
040 _cBPK
041 1 _apol
_heng
044 _aPOL
080 _a005.95/.96
080 _a(07)
100 1 _aArmstrong, Michael
_d(1928- )
_eAutor
245 1 0 _aZarządzanie zasobami ludzkimi :
_bstrategia i działanie /
_cMichael Armstrong ; przeł. [z ang.] Magdalena Loska.
246 _iTyt. oryg.:
_aHuman resource management
260 _aKraków :
_bWydawnictwo Profesjonalnej Szkoły Biznesu,
_c2000.
300 _a280 s. :
_brys. ;
_c20 cm.
490 1 _aBiblioteka Menedżera
500 _aOryg. : "Human resource management : strategy & action" 1994.
504 _aBibliogr. s. 271-280.
650 4 _aZarządzanie zasobami ludzkimi (HRM)
_xpolityka.
650 4 _aZarządzanie
700 1 _aLoska, Magdalena
_eTłumaczenie
830 0 _aBiblioteka Menedżera
942 _cKS
_2UKD
856 _uhttp://koha.tu.koszalin.pl/cgi-bin/koha/opac-detail.pl?biblionumber=55611
_yKatalog online BPK
999 _c55611
_d55611